| 000 | 00860pam a2200277 a 4500 | ||
|---|---|---|---|
| 001 | 516158 | ||
| 003 | ARRUPE | ||
| 005 | 20150116114917.0 | ||
| 008 | 860430s1986 enka b 001 0 eng | ||
| 010 | _a 86011748 | ||
| 020 |
_a0631125922 : _c$45.00 (U.S.) |
||
| 040 |
_aDLC _cDLC _dDLC |
||
| 050 | 0 | 0 |
_aQ175 _b.H32735 1986 |
| 082 | 0 | 0 |
_a501 _219 |
| 100 | 1 |
_aHarré, Rom. _914104 |
|
| 245 | 1 | 0 |
_aVarieties of realism : _ba rationale for the natural sciences / _cRom Harré. |
| 260 |
_aOxford, UK ; _aNew York, NY, USA : _bBlackwell, _c1986. |
||
| 300 |
_aviii, 375 p. : _bill. ; _c24 cm. |
||
| 500 | _aIncludes indexes. | ||
| 504 | _aBibliography: p. [356]-363. | ||
| 650 | 0 |
_aScience _xPhilosophy. _914105 |
|
| 650 | 0 |
_aExperience. _914106 |
|
| 650 | 0 |
_aRealism. _911315 |
|
| 906 |
_a7 _bcbc _corignew _d1 _eocip _f19 _gy-gencatlg |
||
| 942 |
_2lcc _cMONOGRAPH |
||
| 999 |
_c121724 _d121724 |
||